| 000 | 00813cam a22002414a 4500 | ||
|---|---|---|---|
| 999 |
_c7756 _d7756 |
||
| 001 | 4612 | ||
| 003 | BD-DhUAP | ||
| 005 | 20210201104306.0 | ||
| 008 | 120413s1993 ii ab b 001 0 eng | ||
| 040 |
_aBD-DhUAP _cBD-DhUAP _dBD-DhUAP _bEng |
||
| 082 | 0 | 0 |
_a301 SHA _223 |
| 100 | _aSharma, R. N. | ||
| 245 |
_aUrban sociology / _cR. N. Sharma. |
||
| 260 |
_aNew Delhi : _bSurjeet, _cc1993. |
||
| 300 |
_a219 pages ; _c23 cm. |
||
| 504 | _aIncludes bibliographical references and index. | ||
| 650 | 0 | _aUrban ecology (Sociology) | |
| 650 | 0 |
_aCity planning _xEnvironmental aspects. |
|
| 650 | 0 | _aUrban policy. | |
| 906 |
_a7 _bcbc _corignew _d1 _eecip _f20 _gy-gencatlg |
||
| 942 |
_2ddc _cBK |
||